000
00336nam a22001577a 4500
003
SGT
020
_a
9788131520772
082
_a
155.2,SCH
100
_a
SCHULTZDUANE.P
245
_a
THEORIES OF PERSONALITY
250
_a
10TH
260
_a
ANDOVER
_b
CENGAGE
_c
2013
300
_a
479
650
_a
PSYCHOLOGY
942
_2
ddc
_c
BK
_0
64
999
_c
23092
_d
23092